|
|
|
|
| LEADER |
00683nam a2200193 i 4500 |
| 001 |
misc57740 |
| 005 |
20210516095247.0 |
| 008 |
210516s1928 hu o 0|| hun d |
| 040 |
|
|
|a SZTE Miscellanea Repozitórium
|b hun
|
| 041 |
|
|
|a hun
|
| 100 |
1 |
|
|a Czimer Károly
|
| 245 |
1 |
2 |
|a A székelyek eredetéről
|h [elektronikus dokumentum] /
|c Czimer Károly
|
| 260 |
|
|
|a Szegedi Hírlapkiadó és Nyomda
|b Szeged, Magyarország
|c 1928
|
| 300 |
|
|
|a 25 p.
|c 20 cm
|
| 650 |
|
4 |
|a Bölcsészettudományok
|
| 650 |
|
4 |
|a Történettudomány és régészet
|
| 650 |
|
4 |
|a Történettudomány
|
| 695 |
|
|
|a Székelyek története
|
| 856 |
4 |
0 |
|u http://misc.bibl.u-szeged.hu/57740/1/xa_160066.pdf
|z Dokumentum-elérés
|